000 00307nam a22001337a 4500
008 171019b xxu||||| |||| 00| 0 eng d
020 _a9780471209379
041 _aeng
080 _a338
100 _a53
101 _aMEN
245 _aTHE ART MODELING WITH SPREADHEETS
_cPOWELL.S.G
942 _2udc
_cBK
999 _c34914
_d34914